The Silver Galleons (Record no. 821)

MARC details
000 -CABECERA
campo de control de longitud fija 00870nam a2200193 a 4500
001 - NÚMERO DE CONTROL
campo de control BRCA_932
005 - FECHA Y HORA DE LA ÚLTIMA TRANSACCIÓN
campo de control 20190320203218.0
008 - DATOS DE LONGITUD FIJA--INFORMACIÓN GENERAL
campo de control de longitud fija 040608s1997----us-a---###---#000-0#eng-#
020 ## - NÚMERO INTERNACIONAL ESTÁNDAR DEL LIBRO
Número Internacional Estándar del Libro 9701800966
050 #4 - SIGNATURA TOPOGRÁFICA DE LA BIBLIOTECA DEL CONGRESO
Número de clasificación HE859
Número de documento/Ítem .S55 1997
245 10 - MENCIÓN DE TÍTULO
Título The Silver Galleons
Resto del título Mexico, Heart of Two Ocean Trade 1565-1815.
260 ## - PUBLICACIÓN, DISTRIBUCIÓN, ETC.
Lugar de publicación, distribución, etc. Houston
Nombre del editor, distribuidor, etc. Instituto Cultural Mexicano de Houston
Fecha de publicación, distribución, etc. 1997
300 ## - DESCRIPCIÓN FÍSICA
Extensión 164 p.
Otras características físicas il. a color
Dimensiones 22 cm.
500 ## - NOTA GENERAL
Nota general Catálogo de la exposición realizada en el Houston Museum of Natural Science, 6 junio - 1 septiembre, 1997 y en el Mexican Cultural Institute Washington, 16 octubre - 24 enero, 1998
500 ## - NOTA GENERAL
Nota general Incluye piezas de la colección Franz Mayer: p. 23, 61, 76-77, 84, 89, 106-107,115 y 124-125
650 14 - PUNTO DE ACCESO ADICIONAL DE MATERIA--TÉRMINO DE MATERIA
Término de materia o nombre geográfico como elemento de entrada Galeones
Subdivisión general Historia
Subdivisión cronológica Siglo XVI a XIX
9 (RLIN) 3076
651 #4 - PUNTO DE ACCESO ADICIONAL DE MATERIA--NOMBRE GEOGRÁFICO
Nombre geográfico México
Subdivisión general Comercio de artes decorativas
Subdivisión geográfica Filipinas
9 (RLIN) 3077
942 ## - ELEMENTOS DE PUNTO DE ACCESO ADICIONAL (KOHA)
Fuente del sistema de clasificación o colocación Library of Congress Classification
Tipo de ítem Koha Libros
Holdings
Estado de retiro Estado de pérdida Estado dañado No para préstamo Localización permanente Ubicación/localización actual Fecha de adquisición Total de préstamos Signatura topográfica completa Código de barras Fecha visto por última vez Precio válido a partir de Tipo de ítem Koha
El ejemplar forma parte de la colección y puede ser consultado según las políticas vigentes.       Biblioteca del Museo Franz Mayer (Rogerio Casas-Alatriste) Biblioteca del Museo Franz Mayer (Rogerio Casas-Alatriste) 26/06/2008   HE859 .S55 1997 01404 22/03/2019 22/03/2019 Libros